Normal view
MARC view
Entry Topical Term
001 - CONTROL NUMBER
- control field: 248813
003 - CONTROL NUMBER IDENTIFIER
- control field: OSt
005 - DATE AND TIME OF LATEST TRANSACTION
- control field: 20251211105413.0
008 - FIXED-LENGTH DATA ELEMENTS
- fixed length control field: 251211|| aca||aabn | a|a d
040 ## - CATALOGING SOURCE
- Original cataloging agency: OSt
- Transcribing agency: OSt
150 ## - HEADING--TOPICAL TERM
- Topical term or geographic name entry element: Kannada Criticism
670 ## - SOURCE DATA FOUND
- Source citation: Work cat.: (OSt)180203: MARIAPPA BHAT (M) ಮರಿಯಪ್ಪ ಭಟ್ (ಎಂ) 248812, Samkshipta kannada sahitya charitre., 1983